Statistics for Soccer struggles for national teams #1 - Brazil

Click here to take the quiz!

General Stats

  • This quiz has been taken 95 times
  • The average score is 6 of 12

Answer Stats

Win PercentageNation% Correct
38.83%Argentina
89%
50%Italy
80%
43.75%France
79%
44%England
70%
46.57%Uruguay
69%
25%Netherlands
68%
0%Norway
40%
37.5%Switzerland
37%
20%Hungary
35%
50%Greece
32%
50%Canada
25%
50%Guatemala
3%

Score Distribution

Percentile by Number Answered

Percent of People with Each Score

Your Score History

You have not taken this quiz